| Tag |
First Indicator |
Second Indicator |
Subfields |
| LEADER |
00000cam a2200000 a 4500 |
| 001 |
in00000030297 |
| 005 |
20151007060255.0 |
| 008 |
870520s1987 enk b 00110 eng |
| 010 |
|
|
|a 87015088
|
| 020 |
|
|
|a 0631150838 (pbk.) :
|c $7.95
|
| 035 |
|
|
|a (OCoLC)15860603
|
| 035 |
|
|
|9 AAC0463AM
|
| 040 |
|
|
|a DLC
|c DLC
|d TXA
|d UtOrBLW
|
| 043 |
|
|
|a e-ur---
|
| 049 |
|
|
|a TXAM
|c [A11090895]
|
| 050 |
0 |
0 |
|a DK265
|b .W484 1987
|
| 082 |
0 |
|
|a 947.084/1
|2 19
|
| 100 |
1 |
|
|a Williams, Beryl,
|d 1940-
|
| 245 |
1 |
4 |
|a The Russian Revolution, 1917-1921 /
|c Beryl Williams.
|
| 264 |
|
1 |
|a Oxford, UK ;
|a New York, NY, USA :
|b B. Blackwell,
|c 1987.
|
| 300 |
|
|
|a 119 pages ;
|c 20 cm.
|
| 336 |
|
|
|a text
|b txt
|2 rdacontent
|
| 337 |
|
|
|a unmediated
|b n
|2 rdamedia
|
| 338 |
|
|
|a volume
|b nc
|2 rdacarrier
|
| 490 |
1 |
|
|a Historical Association studies
|
| 504 |
|
|
|a Bibliography: pages 110-113.
|
| 500 |
|
|
|a Includes index.
|
| 651 |
|
0 |
|a Soviet Union
|x History
|y Revolution, 1917-1921.
|
| 830 |
|
0 |
|a Historical Association studies.
|
| 999 |
|
|
|a MARS
|
| 999 |
f |
f |
|s 0bde2a69-52d1-3cb0-8b0f-744e3050399a
|i d1d3246e-c73e-3c69-8c39-2703c1a62a38
|t 0
|
| 952 |
f |
f |
|p ric
|a Texas A&M University
|b Rellis Campus
|c Joint Library Facility
|d Remote Storage
|t 0
|e DK265 .W484 1987
|h Library of Congress classification
|i unmediated -- volume
|m A14811090895
|
| 998 |
f |
f |
|a DK265 .W484 1987
|t 0
|l Remote Storage
|